000 00243nam a2200097Ia 4500
008 230605s9999 xx 000 0 und d
041 _aeng
100 _aPizam
245 _aInter national encyclopedia of hospitality management
650 _aHos.
999 _c417183
_d417183